Caricamento...
Tree and leaf /
| Autore principale: | |
|---|---|
| Natura: | Printed Book |
| Lingua: | English |
| Pubblicazione: |
George Allen & Unwin,
1964.
|
| Soggetti: |
| LEADER | 00440nam a2200133Ia 4500 | ||
|---|---|---|---|
| 008 | 150623b xxu||||| |||| 00| 1 eng d | ||
| 082 | |a 823.8T2 | ||
| 100 | |a Tolkien, J. R. R. | ||
| 245 | |a Tree and leaf / |c J. R. R. Tolkien | ||
| 260 | |b George Allen & Unwin, |c 1964. | ||
| 650 | |v Fiction | ||
| 942 | |c BK | ||
| 999 | |c 6204 |d 6204 | ||
| 952 | |0 0 |1 0 |4 0 |6 823_000000000000000_8T2_TRE |7 0 |9 6203 |a UL |b UL |c ST2 |d 1998-09-24 |l 0 |o 823.8T2 TRE |p 10264 |r 2012-10-27 |w 2012-10-27 |y BK | ||